Physical geology / (Record no. 300)
[ view plain ]
| 000 -LEADER | |
|---|---|
| fixed length control field | 01159cam a2200337 a 4500 |
| 003 - CONTROL NUMBER IDENTIFIER | |
| control field | data |
| 005 - DATE AND TIME OF LATEST TRANSACTION | |
| control field | 20260322212014.0 |
| 008 - FIXED-LENGTH DATA ELEMENTS--GENERAL INFORMATION | |
| fixed length control field | data |
| 010 ## - LIBRARY OF CONGRESS CONTROL NUMBER | |
| LC control number | 97051330 |
| 020 ## - INTERNATIONAL STANDARD BOOK NUMBER | |
| International Standard Book Number | 0697374041 (pbk. /CDROM) |
| 020 ## - INTERNATIONAL STANDARD BOOK NUMBER | |
| International Standard Book Number | 0075618125 |
| 020 ## - INTERNATIONAL STANDARD BOOK NUMBER | |
| International Standard Book Number | 0073037567 (CD-ROM) |
| 020 ## - INTERNATIONAL STANDARD BOOK NUMBER | |
| International Standard Book Number | 978-0073037561 (CD-ROM) |
| 020 ## - INTERNATIONAL STANDARD BOOK NUMBER | |
| International Standard Book Number | 9780075618126 |
| 020 ## - INTERNATIONAL STANDARD BOOK NUMBER | |
| International Standard Book Number | 978-0697374042 (pbk. /CD-ROM) |
| 040 ## - CATALOGING SOURCE | |
| Original cataloging agency | DLC |
| Transcribing agency | DLC |
| Modifying agency | C#P |
| 050 00 - LIBRARY OF CONGRESS CALL NUMBER | |
| Classification number | QE28.2 |
| Item number | .P58 1999 |
| 092 ## - LOCALLY ASSIGNED DEWEY CALL NUMBER (OCLC) | |
| Classification number | 550 P58 1999 |
| 001 - CONTROL NUMBER | |
| control field | data |
| 100 1# - MAIN ENTRY--PERSONAL NAME | |
| Personal name | Plummer, Charles C., |
| Dates associated with a name | 1937- |
| 245 10 - TITLE STATEMENT | |
| Title | Physical geology / |
| Statement of responsibility, etc. | Charles C. Plummer, David McGeary & Diane H. Carlson. |
| 250 ## - EDITION STATEMENT | |
| Edition statement | 8th ed. / |
| Remainder of edition statement | Charles C. Plummer, David McGeary, Diane H. Carlson. |
| 260 ## - PUBLICATION, DISTRIBUTION, ETC. | |
| Place of publication, distribution, etc. | Boston : |
| Name of publisher, distributor, etc. | WCB/McGraw-Hill, |
| Date of publication, distribution, etc. | c1999. |
| 300 ## - PHYSICAL DESCRIPTION | |
| Extent | xiv, 577 p. : |
| Other physical details | ill. (some col.), col. maps ; |
| Dimensions | 28 cm. + |
| Accompanying material | 2 computer laser optical discs (4 3/4 in.) |
| 500 ## - GENERAL NOTE | |
| General note | "Featuring the Smithsonian Institution's Journey through geology CD-ROM." |
| 500 ## - GENERAL NOTE | |
| General note | Includes index. |
| 538 ## - SYSTEM DETAILS NOTE | |
| System details note | System requirements for accompanying computer disc: Windows; Macintosh. |
| 650 #0 - SUBJECT ADDED ENTRY--TOPICAL TERM | |
| Topical term or geographic name entry element | Physical geology. |
| 700 1# - ADDED ENTRY--PERSONAL NAME | |
| Personal name | McGeary, David. |
| 700 1# - ADDED ENTRY--PERSONAL NAME | |
| Personal name | Carlson, Diane H. |
| Withdrawn status | Lost status | Damaged status | Not for loan | Home library | Current library | Shelving location | Date acquired | Total checkouts | Full call number | Barcode | Date last seen | Price effective from | Koha item type |
|---|---|---|---|---|---|---|---|---|---|---|---|---|---|
| Franklin | Franklin | General stacks | 22/03/2026 | QE28.2 .P58 1999 | BC0010309 | 22/03/2026 | 22/03/2026 | Books |